Counties In New York - Statistics

General Stats
  • This quiz has been taken 1,053 times
    1,049 since last reset
  • The average score is 31 of 62
Answer Stats
Answer % Correct
Queens
83%
New York
80%
Albany
78%
Kings
75%
Bronx
74%
Nassau
71%
Westchester
71%
Suffolk
69%
Erie
65%
Niagara
64%
Orange
63%
Richmond
61%
Washington
60%
Monroe
59%
Rockland
57%
Dutchess
56%
Jefferson
56%
Putnam
56%
Madison
53%
Clinton
50%
Oswego
50%
Broome
49%
Franklin
49%
Oneida
49%
Ontario
49%
Saratoga
49%
Ulster
48%
Schenectady
47%
Sullivan
47%
Greene
46%
Hamilton
46%
Onondaga
46%
Herkimer
45%
St. Lawrence
45%
Tompkins
45%
Wyoming
45%
Allegany
44%
Cayuga
44%
Delaware
44%
Essex
44%
Genesee
43%
Seneca
42%
Yates
42%
Columbia
41%
Fulton
41%
Montgomery
41%
Rensselaer
41%
Tioga
40%
Warren
40%
Cortland
39%
Otsego
39%
Chemung
38%
Schoharie
37%
Schuyler
36%
Steuben
36%
Chautauqua
35%
Chenango
35%
Livingston
35%
Orleans
35%
Wayne
35%
Cattaraugus
34%
Lewis
34%
No matching quizzes found
Score Distribution
Percent of People with Each Score
Percentile by Number Answered
Your Score History
You have not taken this quiz since the last reset